000
00325nam a22001457a 4500
003
SGT
020
_a
B073FK6X4F
082
_a
617.6
_b
H07P
100
_a
S R Prabhu
245
_a
HIV AIDS in Dental Practice
260
_a
NEW DELHI
_b
Dental Council of India
_c
2007
300
_a
298
650
_a
HIV AIDS
942
_2
ddc
_c
BK
999
_c
16123
_d
16123